Koncert dlja trombona i duchovogo orkestra

Hlavní autor: Rimskij-Korsakov, Nikolaj Andrejevič, 1844-1908
Další autoři: Fedosejev, Nikolaj Sergejevič
Jazyk: Nelze použít, není lingvistický obsah
Vydáno: Moskva : Muzgiz, 1950
Fyzický popis: 20, 6 s.
Hudebniny Hudebniny
Uloženo v:
LEADER 00835ncm a22002172a 4500
001 001204053
003 CZ BrMZK
005 20130521085006.0
007 qu
008 120403s1950 ru |||||||||||||||||zxx d
040 |a BOA001  |b cze 
072 7 |a 788  |x Hudba pro dechové nástroje  |2 Konspekt  |9 9 
100 1 |a Rimskij-Korsakov, Nikolaj Andrejevič,  |d 1844-1908  |7 jn19990210526  |4 cmp 
245 1 0 |a Koncert dlja trombona i duchovogo orkestra  |h [hudebnina] /  |c Nikolaj Andrejevič Rimskij-Korsakov ; pereloženije dlja trombona i fortepiano N. Fedosejeva 
260 |a Moskva :  |b Muzgiz,  |c 1950 
300 |a 20, 6 s. 
700 1 |a Fedosejev, Nikolaj Sergejevič  |7 mzk2011663806  |4 arr 
910 |a BOA001  |b Mus4-0306.881 
990 |a MU 
991 |b 201204 
996 6 |b 2619564501  |c Mus4-0306.881  |l MZK  |r Sklad / do 1 hodiny  |n 0  |w 001237620  |u 000010  |a 1  |e BOA001  |j MZK50  |s P